Les catégories de "meilleur ouvrier de France" 3 - Statistiques

Statistiques générales
  • Ce quiz a été pris 5 fois
  • Le résultat moyen est 4 sur 34
Statistiques - réponses
Groupe 1 Métiers du vêtement Initiale Réponse % Correct
Fabrique des habits masculiens T Tailleur
75%
Les joyaux sont son domaine J Joaillerie
50%
Dessous L {Lingerie}, corseterie, soutien-gorge
50%
Confection de sacs notamment M Maroquinerie
50%
Fabricant d'objets de défense A Armurerie
25%
Collier, bracelets ressortent de ce domaine B Bijouterie
25%
Art de s'occuper des poils du chef C Coiffure
25%
Fabrication d'instruments tranchants C Coutellerie
25%
Négociant en pierres comme à Anvers D Diamantaire
25%
Pendules et réveils le concernent H Horloger
25%
Outils médicaux C Instruments de {chirurgie}
25%
Remplace les dents P {Prothèse} dentaire
25%
A trous A Broderie {ajourage}
0%
Immaculée B Broderie {blanche}
0%
Teinte C Broderie {couleur}
0%
Comme dans l'Oise B Broderie de {Beauvais}
0%
Celle des couturiers H Broderie [haute-couture}
0%
Précieuse O Broderie {Or}
0%
Souliers C {Chaussures} homme/dame
0%
Souliers correctifs O Chaussures podo-{orthèse}
0%
Comme à Alençon A Dentelle à l'{aiguille}
0%
Comme en Irlande C Dentelle au {crochet}
0%
Comme au Puy F Dentelle aux {fuseaux}
0%
Comme à Luxeuil M Dentelle {mixte}
0%
Art d'embellir E {Esthétique} maquillage
0%
Spécialité notamment de Millau G Ganterie
0%
Négociant en pierres colorées L Lapidaire
0%
Fabrication de bésicles L Lunetterie
0%
Créateur de chapeaux M Modiste
0%
Spécialités de ceux qui s'occupent des peaux P F {Pelleterie} et {fourrures} confectionnées
0%
Rend brillant P Polissage
0%
Disponible P {Prêt-à-porter} couture - jour
0%
Disponible P {Prêt-à-porter} couture - soir
0%
Fixation S {Sertissage} en haute joaillerie
0%
Aucun quiz correspondant
Distribution des résultats
% des personnes avec chaque résultat
Percentile par nombre de réponses
Votre historique - résultats
Vous n’avez pas pris ce quiz